IVSC issues valuation consultation paper (Record no. 73221)

MARC details
000 -LEADER
fixed length control field 01308cam a2200217 4500
001 - CONTROL NUMBER
control field WB3931-30
008 - FIXED-LENGTH DATA ELEMENTS--GENERAL INFORMATION
fixed length control field 030814n2003 000 0 eng u
035 ## - SYSTEM CONTROL NUMBER
System control number (Sirsi) u123271
245 ## - TITLE STATEMENT
Title IVSC issues valuation consultation paper
260 ## - PUBLICATION, DISTRIBUTION, ETC.
Date of publication, distribution, etc. 2003
490 ## - SERIES STATEMENT
Series statement International Valuation Standards Committee News Release
Volume/sequential designation 6 August 2003 (2)
520 ## - SUMMARY, ETC.
Summary, etc. The IVSC has issued a consultation paper as an attempt to establish a standard international formula for 'fair value' property valuation. Reports that a large number of companies around the world are moving to prepare their accounts in accordance with International Accounting Standards, now referred to as International Financial Reporting Standards. The consultation paper can be viewed at http://www.ivsc.org. Further details can be obtained from Marianne Tissier t +44 (0)1442 879306 [email protected]. http://www.ivsc.org/news/NR030806.pdf
590 ## - LOCAL NOTE (RLIN)
Local note WB
650 ## - SUBJECT ADDED ENTRY--TOPICAL TERM
Topical term or geographic name entry element ABOUT RICS-RELATED ORGANISATIONS-INTERNATIONAL VALUATION STANDARDS COMMITTEE
650 ## - SUBJECT ADDED ENTRY--TOPICAL TERM
Topical term or geographic name entry element INTERNATIONAL FINANCIAL REPORTING STANDARDS
650 ## - SUBJECT ADDED ENTRY--TOPICAL TERM
Topical term or geographic name entry element MANAGEMENT-BUSINESS MANAGEMENT-FINANCIAL MANAGEMENT-ACCOUNTING
650 ## - SUBJECT ADDED ENTRY--TOPICAL TERM
Topical term or geographic name entry element INTERNATIONAL ACCOUNTING STANDARDS
650 ## - SUBJECT ADDED ENTRY--TOPICAL TERM
Topical term or geographic name entry element CONSULTATION PAPERS
690 ## - LOCAL SUBJECT ADDED ENTRY--TOPICAL TERM (OCLC, RLIN)
Topical term or geographic name as entry element PROPERTY-PROPERTY APPRAISAL AND VALUATION
942 ## - ADDED ENTRY ELEMENTS (KOHA)
Suppress in OPAC 0
Holdings
Withdrawn status Lost status Source of classification or shelving scheme Damaged status Not for loan Home library Current library Shelving location Date acquired Total Checkouts Full call number Barcode Date last seen Copy number Price effective from Koha item type
    Dewey Decimal Classification     London London News article 14/08/2003   WB3931-30 123271-1001 06/08/2019 1 06/08/2019 News article